Filipinas. Notas de viaje y de estancia. Por el malogrado Regente Interino de la Audiencia de Manila D. José Fernández Giner. Con un prólogo de D. Luis de Rute
I tiakina i:
| Kaituhi matua: | |
|---|---|
| Hōputu: | Pukapuka |
| Reo: | Pāniora |
| I whakaputaina: |
Madrid
Imprenta Popular
1889
|
| Putanga: | 1a. ed |
| Ngā marau: | |
| Ngā Tūtohu: |
Tāpirihia he Tūtohu
Kāore He Tūtohu, Me noho koe te mea tuatahi ki te tūtohu i tēnei pūkete!
|
MARC
| LEADER | 00000nam a2200000 a 4500 | ||
|---|---|---|---|
| 001 | UCJ6278 | ||
| 003 | CL-VaPUC | ||
| 008 | 070124e18890000SP |||||||||||||||||spa|d | ||
| 082 | 0 | 4 | |a 910.4 |b FER |2 21 |
| 100 | 0 | |a Fernánez Giner, José |e author |9 512742 | |
| 245 | 1 | 0 | |a Filipinas. Notas de viaje y de estancia. Por el malogrado Regente Interino de la Audiencia de Manila D. José Fernández Giner. Con un prólogo de D. Luis de Rute |
| 250 | |a 1a. ed | ||
| 300 | |a xvi, 207 p | ||
| 942 | |c BK | ||
| 945 | |d 20070124 00:00:00 |a rinostro | ||
| 260 | |a Madrid |b Imprenta Popular |c 1889 | ||
| 650 | 0 | |a Viajes |9 257115 | |
| 650 | 0 | |a Cultura |9 269059 | |
| 650 | 0 | |a Colonización española |9 256592 | |
| 650 | 0 | |a Justicia |9 255408 | |
| 650 | 7 | |a DERECHO PENAL |2 CL-VaPUC |9 11 | |
| 651 | 0 | |a Egipto |9 268199 | |
| 651 | 7 | |a SUEZ |2 CL-VaPUC |9 512743 | |
| 651 | 7 | |a ADEN |2 CL-VaPUC |9 510508 | |
| 651 | 7 | |a SINGAPUR |2 CL-VaPUC |9 441008 | |
| 651 | 7 | |a MANILA |2 CL-VaPUC |9 507163 | |
| 583 | |a last modification |c 20070124 00:00:00 |k Rodrigo Vera | ||
| 999 | |c 322386 |d 322384 | ||
| 952 | |0 0 |1 0 |4 0 |6 910_400000000000000_FER_1889 |7 0 |8 X |9 401367 |a FDOBUD |b FDOBUD |d 2019-11-22 |i 1046012 |o 910.4 FER 1889 |p 1046012 |r 2019-11-22 |w 2019-11-22 |y BK_X |k BUD | ||